Porovnanie nezamestnanosti mladých ľudí na Slovensku a v Španielsku bakalárska práca

Enregistré dans:
Détails bibliographiques
Auteur principal: Szárasová, Mária
Collectivité auteur: Národohospodárska fakulta EU. Katedra sociálneho rozvoja a práce
Autres auteurs: Klimko, Roman, 1985-
Format: Livre
Langue:slovaque
Publié: Bratislava 2023
Tags: Ajouter un tag
Pas de tags, Soyez le premier à ajouter un tag!

MARC

LEADER 00000nbm a2200000 4500
001 0294480
005 20231129125919.3
041 0 |a slo 
044 |a SK 
245 1 0 |a Porovnanie nezamestnanosti mladých ľudí na Slovensku a v Španielsku  |b bakalárska práca  |c Mária Szárasová ; školiteľ: Roman Klimko 
264 1 |a Bratislava  |c 2023 
300 |a 38 s. 
100 1 |a Szárasová, Mária 
700 1 |a Klimko, Roman, 1985- 
710 2 |a Národohospodárska fakulta EU. Katedra sociálneho rozvoja a práce